Análisis y diseño del sistema de servicio de mantenimiento de vehículos del Departamento de Transportes del I.C.E
Uloženo v:
| Hlavní autor: | |
|---|---|
| Další autoři: | |
| Médium: | Kniha |
| Vydáno: |
San José, Costa Rica
1993
|
| Témata: | |
| Tagy: |
Přidat tag
Žádné tagy, Buďte první, kdo vytvoří štítek k tomuto záznamu!
|
MARC
| LEADER | 00000nam a2200000Ia 4500 | ||
|---|---|---|---|
| 003 | 007420 | ||
| 005 | 20221231144304.0 | ||
| 008 | 140114s1993 cr a m 000 ||s d | ||
| 040 | |c cru CEDI | ||
| 090 | |a TFG 3135 | ||
| 100 | |a Preinfalk, Federico |9 11354 | ||
| 245 | |a Análisis y diseño del sistema de servicio de mantenimiento de vehículos del Departamento de Transportes del I.C.E | ||
| 260 | |c 1993 |a San José, Costa Rica | ||
| 300 | |a xxiii [353] hojas ; 28 cm. | ||
| 500 | |a Proyecto de graduación (licenciatura en ingeniería industrial)--Universidad de Costa Rica. Facultad de Ingeniería. Escuela de Ingeniería Industrial | ||
| 650 | |x INSTITUTO COSTARRICENSE DE ELECTRICIDAD.. DEPARTAMENTO DE TRANSPORTES |9 11355 | ||
| 700 | |9 11353 |a Arias G., Oscar Mario | ||
| 942 | |c TFG | ||
| 999 | |c 19633 |d 19633 | ||
